000
00208 a2200097 4500
001
5137
100
_a
Tolansky,S
245
_a
Introduction to atomic physics
260
_a
_b
Longmans
_c
090
_c
4272
_d
4272
942
_a
NUST-CAE
_c
M
_c
30570
999
_c
240210
_d
240210